00924nam a2200265 450000500170000000800410001701000140005802000230007202000260009503500130012103500170013403700150015103700170016604000180018308200060020124500930020726000300030027000650033030000230039550000400041865000830045865000830054170000180062470000160064220090519151323.0701105s1969 ii b 000 0 eng  aENG-93596 a8189632051c250.00 a9788189632052c250.00 aEN-77129 aB-365390-403 bDBAD / PUB bAakar Books  adplbEnglish  aS aGalpa:cedited by Firdous Azim and Niaz Zaman bshort stories by women from Bangladesh / aNew Delhi bStanza c2007 a22-C, Pocket - C, Siddhartha Extension, bNew Delhi e110014 a280 p.c22cm(pbk)  aIncludes bibliographical references aShort stories, BengalizBangladesh xWomen authorsvTranslations into English. aShort stories, BengalizBangladesh y20th century vTranslations into English. aFirdous Azim  aNiaz Zaman